Nuclear physics (Record no. 5368)
[ view plain ]
| 000 -LEADER | |
|---|---|
| fixed length control field | 00475nam a2200157Ia 4500 |
| 003 - CONTROL NUMBER IDENTIFIER | |
| control field | SGT |
| 020 ## - INTERNATIONAL STANDARD BOOK NUMBER | |
| International Standard Book Number | 81-7866-130-6 |
| 082 ## - DEWEY DECIMAL CLASSIFICATION NUMBER | |
| Classification number | 539.705 |
| Item number | TAY |
| 100 ## - MAIN ENTRY--PERSONAL NAME | |
| Personal name | Tayal,D.G |
| 245 ## - TITLE STATEMENT | |
| Title | Nuclear physics |
| 260 ## - PUBLICATION, DISTRIBUTION, ETC. (IMPRINT) | |
| Name of publisher, distributor, etc | Himalaya Publishing House |
| Place of publication, distribution, etc | N.Delhi |
| Year of Publication | 2001 |
| 300 ## - PAGE DESCRIPTION | |
| No. of Pages | 679p. |
| 650 ## - SUBJECT ADDED ENTRY--TOPICAL TERM | |
| Topical term or geographic name as entry element | ENGINEERING PHYSICS |
| 653 ## - KEYWORDS--INDEX TERM | |
| Keyword term | GENERAL PROPERTIES TO ATOMIC NUCLEUS, RADIOACTIVITY AND ISOTOPES, NUCLEAR FORCE, NUCLEAR MODELS, ACCELERATION, ELEMENTARY PARTICLES |
| 942 ## - ADDED ENTRY ELEMENTS (KOHA) | |
| Source of classification or shelving scheme | Dewey Decimal Classification |
| Koha item type | Books |
| Withdrawn status | Lost status | Source of classification or shelving scheme | Damaged status | Use restrictions | Not for loan | Home library | Current library | Shelving location | Date acquired | SGTU | Full call number | Accession No. (Barcode) | Date last seen | Bill Date | Koha item type |
|---|---|---|---|---|---|---|---|---|---|---|---|---|---|---|---|
| Dewey Decimal Classification | Restricted Access | Not For Loan | SGT Engineering Library | SGT Engineering Library | Reference Book | 16/10/2011 | SGTU | 539.705 TAY | FE4262 | 09/02/2015 | 09/02/2015 | Gifted Books |